00499 2200181 4500001002100000008004100021035002000062245009700082100001900179250000600198260003200204300001100236020002200247084001400269082000800283650001400291990001200305INLIS000000000001225 ind  a0010-0524000460 aMatematika Sebagai Alat Bantu; Seri Olimpiade Sains Fisika SMA/MAcProf. Yohanes Surya, Ph.D aSurya, Yohanes a1 aJakarta :bPT. Kandelc2017 a89 hlm a978-602-6878-34-2 a510 YOH m a510 aNon Fiksi a0744941